A integración das linguas rexionais ou minoritarias no espazo europeo da educación superior : o galego como caso de estudo /
"A integración das linguas rexionais ou minoritarias no Espazo Europeo da Educación Superior. O galego como caso de estudo presenta unha análise en profundidade dos datos recibidos en resposta a un cuestionario enviado aos centros de ensino superior en Europa que ofertan cursos de lingua e c...
সংরক্ষণ করুন:
| প্রধান লেখক: | |
|---|---|
| অন্যান্য লেখক: | |
| বিন্যাস: | বৈদ্যুতিক বৈদ্যুতিন গ্রন্থ |
| ভাষা: | গ্যালিশিয় |
| প্রকাশিত: |
Bilbao :
Universidad de Deusto,
2011.
|
| মালা: | Serie Letras (Bilbao, Spain) ;
54. |
| বিষয়গুলি: | |
| অনলাইন ব্যবহার করুন: | Digitalia Hispánica |
| ট্যাগগুলো: |
ট্যাগ যুক্ত করুন
কোনো ট্যাগ নেই, প্রথমজন হিসাবে ট্যাগ করুন!
|
MARC
| LEADER | 00000nam a2200000Ii 4500 | ||
|---|---|---|---|
| 001 | DIGDEU1754 | ||
| 003 | NyNyDIG | ||
| 006 | m o d | ||
| 007 | cr ||||||||||| | ||
| 008 | 130501s2011 sp o 000 0 glg | ||
| 020 | |a 9788498303100 |q (eBook) | ||
| 020 | |z 8498303109 | ||
| 020 | |z 9788498303100 | ||
| 035 | |a (OCoLC)888264297 | ||
| 040 | |a DGITA |b eng |e pn |c DGITA | ||
| 050 | 1 | 4 | |a PC5411 eBook |
| 100 | 1 | |a Suarez Castiñeira, María Luz. | |
| 245 | 1 | 2 | |a A integración das linguas rexionais ou minoritarias no espazo europeo da educación superior : |b o galego como caso de estudo / |c María Luz Suarez Castiñeira; Alexandre Gaiferos Parrado Freire. |
| 264 | 1 | |a Bilbao : |b Universidad de Deusto, |c 2011. | |
| 300 | |a 1 online resource (94 pages) | ||
| 336 | |a text |b txt |2 rdacontent | ||
| 337 | |a computer |b c |2 rdamedia | ||
| 338 | |a online resource |b cr |2 rdacarrier | ||
| 490 | 1 | |a Serie Letras ; |v 54. | |
| 500 | |a "Deusto Digital" (front cover) | ||
| 520 | |a "A integración das linguas rexionais ou minoritarias no Espazo Europeo da Educación Superior. O galego como caso de estudo presenta unha análise en profundidade dos datos recibidos en resposta a un cuestionario enviado aos centros de ensino superior en Europa que ofertan cursos de lingua e cultura galega. Este estudo é indicativo dos cambios que afectan ao ensino das linguas rexionais ou minoritarias, como resultado do proceso de converxencia dos sistemas de educación superior en Europa" (editor). | ||
| 546 | |a Text in Galician. | ||
| 650 | 0 | |a Language policy |z Spain |z Galicia (Region) | |
| 650 | 0 | |a Galician language |x Political aspects. | |
| 650 | 0 | |a Galician language |x Standardization. | |
| 650 | 0 | |a Galician language |x Social aspects |z Spain |z Galicia (Region) | |
| 655 | 0 | |a Electronic books. | |
| 700 | 1 | |a Gaiferos Parrado Freire, Alexandre | |
| 791 | 2 | |a Digitalia (Firm), |e distributor. | |
| 830 | 0 | |a Serie Letras (Bilbao, Spain) ; |v 54. | |
| 793 | 0 | |g Digitalia eBook Collection: |a Universidad de Deusto. | |
| 856 | 4 | 0 | |3 Digitalia Hispánica |u https://digitalia.unach.elogim.com/a/17520/ |
| 910 | |a Premium Collection: 2007-2012 | ||